Les pays asiatiques par 2 premières lettres - Statistiques

Statistiques générales
  • Ce quiz a été pris 1 494 fois
  • Le résultat moyen est 37 sur 48
Réponses sur la Carte
Les réponses sont colorées sur une échelle allant du rouge au vert en fonction du pourcentage des utilisateurs qui les ont devinées à leur premier essai. Vous pouvez retrouver ces pourcentages ci-dessous.
 
Statistiques - réponses
country % Correct
Chine
99%
Chypre
99%
Inde
99%
Indonésie
99%
Arabie Saoudite
93%
Arménie
93%
Japon
93%
Turkménistan
93%
Turquie
93%
Mongolie
92%
Irak
89%
Iran
89%
Kazakhstan
89%
Corée du Nord
88%
Corée du Sud
88%
Pakistan
85%
Yémen
82%
Thaïlande
80%
Viêt Nam
80%
Laos
79%
Tadjikistan
79%
Taïwan
79%
Oman
78%
Afghanistan
77%
Malaisie
77%
Maldives
77%
Bahreïn
76%
Bangladesh
76%
Émirats arabes unis
75%
Israël
75%
Népal
75%
Ouzbékistan
74%
Cambodge
73%
Syrie
73%
Kirghizistan
72%
Philippines
72%
Jordanie
71%
Qatar
71%
Birmanie
69%
Azerbaïdjan
68%
Sri Lanka
68%
Liban
67%
Géorgie
65%
Bhoutan
64%
Koweït
59%
Timor oriental
42%
Singapour
40%
Brunei
39%
Aucun quiz correspondant
Distribution des résultats
% des personnes avec chaque résultat
Percentile par nombre de réponses
Votre historique - résultats
Vous n’avez pas pris ce quiz